Normal view
MARC view
- درقاوي، اسعد عربي/ م. مشارك حافظ الجمال ، كمال الغالي ؛ ترجمة مصطفى الحاج ابراهيم
Entry Personal Name
001 - CONTROL NUMBER
- control field: 36730
003 - CONTROL NUMBER IDENTIFIER
- control field: JO-AjAnu
005 - DATE AND TIME OF LATEST TRANSACTION
- control field: 20230606080130.0
008 - FIXED-LENGTH DATA ELEMENTS
- fixed length control field: 230606|| aca||aabn | a|a d
040 ## - CATALOGING SOURCE
- Original cataloging agency: JO-AjAnu
- Transcribing agency: JO-AjAnu
100 ## - HEADING--PERSONAL NAME
- Personal name: درقاوي، اسعد عربي/ م. مشارك حافظ الجمال ، كمال الغالي ؛ ترجمة مصطفى الحاج ابراهيم
670 ## - SOURCE DATA FOUND
- Source citation: Work cat.: (JO-AjAnu)18854: درقاوي، اسعد عربي/ م. مشارك حافظ الجمال ، كمال الغالي ؛ ترجمة مصطفى الحاج ابراهيم , author, الاتجاهات الرئيسية للبحث في العلوم الاجتماعية والانسانية، مج1